000 00921nam a2200277Ia 4500
003 OSt
005 20221005111410.0
006 a|||||r|||| 00| 0
007 ta
008 221004b |||||||| |||| 00| 0 hin d
020 _a8181433386 (hbk)
_c500
024 _a17303
037 _b519, 21/03/2015, Vani Prakashan
_cTextual
040 _aCRL
_cCRL
_bhin
041 _2hin
_ahin
082 _aO168,1N36x, 152Q1
100 _aशहरयार
245 0 _aशाम होने वाली है
246 _aShām hone vālī hai
250 _a2 संस्करण
260 _aनई दिल्ली
_bवाणी प्रकाशन भारत
_c2011
300 _a112पृ0
_ccm.
650 _aहिन्दी साहित्य
942 _hO168,1N36x, 152Q1
_cTEXL
_2cc
999 _c1021725
_d1021725